| Registos Bibliográficos associados ao registo de autoridade |
|
Etiqueta de registo: 00521cam 02200205 04500 001 216025 003 http://id.bnportugal.gov.pt/bib/catbnp/216025 100 ## $a19980101d1962 m y0pora0103 ba 101 0# $apor 102 ## $aPT 200 1# $aGrandes portugueses$gtexto de Agostinho Macedo... [et al.] $gdes. de Baptista Mendes... [et al.] 210 #9 $aLisboa$cCamarada,$d[D.L. 1962] 215 ## $a2 vols.$cil.$d30 cm 304 ## $aOutros autores: Álvaro Parreira, António João Bispo, Helena Sabóia, Manuel Rodrigues,
Pinto Coelho, Rui de Abreu, José Antunes, Manuel Ferreira, Hernani Lopes, José Garcês,
José Ruy e Victor Paiva 317 ## $aColeção Leandro de Moraes Sarmento$5PTBN: L.M.S. 652; L.M.S. 653 327 11 $aVol. 1: (20 p.). - Vol. 2: (22 p.) 606 ## $aPersonalidades portuguesas$xBiografias coletivas$jBanda desenhada$2SIPOR$31996529 606 ## $aPortugal$xHistória$xObras para a juventude$2SIPOR$31996523 675 ## $a929.5(469)(084.11)$vBN$zpor$31996527 700 #1 $91$aMacedo,$bAgostinho$3219386 701 #1 $aParreira,$bAlvaro$4070$359160 701 #1 $aBispo,$bAntónio João$4070$314467 701 #1 $91$aSabóia,$bHelena$4070$31996544 701 #1 $91$aAbreu,$bRui de$31996547 702 #1 $aMendes,$bBaptista$4440$345575 702 #1 $918$aRodrigues,$bManuel$4440$31996545 702 #1 $95$aCoelho,$bJosé Pinto$4440$31996546 702 #1 $aAntunes,$bJosé,$f1937-2010$4440$31557876 702 #1 $91$aFerreira,$bManuel$4440$335296 702 #1 $94$aLopes,$bHernâni$4440$31996548 702 #1 $aGarcês,$bJosé,$f1928-2020$4440$330188 702 #1 $aRui,$bJosé,$f1930-2022$4440$354131 702 #1 $aPaiva,$bVítor$4440$3147609 801 #0 $aPT$bBN$gRPC 966 ## $lBN$mFGMON$sC.G. 8985 V. 966 ## $dVol. 1$lBN$mFGMON$pBiblioteca particular Leandro de Moraes Sarmento$sL.M.S. 652 $x3 966 ## $dVol. 2$lBN$mFGMON$pBiblioteca particular Leandro de Moraes Sarmento$sL.M.S. 653 $x3
|
|
|